مكتبة جامعة عجلون الوطنية

فهرس بحث المكتبة

Normal view MARC view
  • سيكولوجية الطفولة-الاطفال-رعاية الطفولة

Entry Topical Term

Number of records used in: 1

001 - CONTROL NUMBER

  • control field: 23197

003 - CONTROL NUMBER IDENTIFIER

  • control field: JO-AjAnu

005 - DATE AND TIME OF LATEST TRANSACTION

  • control field: 20230606074006.0

008 - FIXED-LENGTH DATA ELEMENTS

  • fixed length control field: 230606|| aca||aabn | a|a d

040 ## - CATALOGING SOURCE

  • Original cataloging agency: JO-AjAnu
  • Transcribing agency: JO-AjAnu

150 ## - HEADING--TOPICAL TERM

  • Topical term or geographic name entry element: سيكولوجية الطفولة-الاطفال-رعاية الطفولة

670 ## - SOURCE DATA FOUND

  • Source citation: Work cat.: (JO-AjAnu)11922: الزريقات،ابراهيم عبد الله فرج, author 23196, تعديل سلوك الأطفال والمراهقين :المفاهيم والتطبيقات=Behavior Modification of Children and Adolescents: Concepts and Applications